Gewalt : Schattenseiten der Individualisierung bei Jugendlichen aus unterschiedlichen Milieus

Αποθηκεύτηκε σε:
Λεπτομέρειες βιβλιογραφικής εγγραφής
Άλλοι συγγραφείς: Heitmeyer, Wilhelm
Μορφή: Βιβλίο
Γλώσσα:German
Δημοσίευση: Weinheim : Munchen : Juventa, 1996
Έκδοση:2. Aufl.
Σειρά:Jugendforschung
Θέματα:
Ετικέτες: Προσθήκη ετικέτας
Δεν υπάρχουν, Καταχωρήστε ετικέτα πρώτοι!

MARC

LEADER 00000nam a2200000 i 4500
001 1/12156
008 000919s1996 ger d
020 |a 3-7799-0431-4 
035 |l 10064100 
040 |a GR-MY-UA  |b gre  |e aacr 
041 0 |a ger 
082 0 |a 302.54 
245 1 0 |a Gewalt :  |b Schattenseiten der Individualisierung bei Jugendlichen aus unterschiedlichen Milieus /  |c Wilhelm Heitmeyer...[et al.] 
250 |a 2. Aufl. 
260 |a Weinheim :   |a Munchen :   |b Juventa,   |c 1996 
300 |a 478 p.;  |c 22 cm 
490 1 |a Jugendforschung 
650 0 0 |a Youth  |z Germany  |x Attitudes. 
650 0 0 |a Violence. 
700 1 |a Heitmeyer, Wilhelm. 
830 0 |a Jugendforschung 
852 |a INST  |b RHODES  |e 20000919  |h 302.54 GEW  |p 005400011437  |q 005400011437  |t BK  |y 0 
909 |a Ρ  |b 046452 
922 |a 4ΕΛΗ  |b 199512  |c ΧΙΩΤΑΚΗΣ 
970 |z 2000/09/ΧΡΥΣΑΝΘΗ